Unconventional Quiz About Me #2 - Statistics

General Stats
  • This quiz has been taken 13 times
  • The average score is 6 of 15
Answer Stats
Question Answer % Correct
What happens when someone calls a gibbon a monkey? I GO BALLISTIC!!!!!
64%
What is the importance of the word "vindictive" in my life? Ah, my journey through vocabulary uncovered such an elegant word.
55%
What is the name of my local zoo's otter, transferred from a zoo in Providence, RI? Dunkin
55%
How many *official* books have I written? One
55%
My best friend makes peculiar quizzes. Which of these best describes them? BNAZUL
45%
What TV series does my brother, for some reason, not want me to watch? Loki
45%
What is my favorite food? NOT peppers
45%
(Serious question) What is my opinion on Japan's hosting of the Olympic Games after enduring the hardships of 2020? They show true perseverance and tenacity, something that should always be remembered
45%
What spice-herb-thingy has also been plaguing my every thought and things around me, though not as much. Wasabi
45%
What fruit has suspiciously been plaguing my every thought as well as things around me? Fig
36%
Jose is a classic Mexican name? What is the correct way to spell it? H0ose
36%
Complete this trademark sentence: Thank Larry, Johnny, and ... ? All the Ghosts of the Avenue
27%
What is my least favorite out of these chewing gum flavors? Juicy Fruit
18%
What is undeniably the greatest Olympic sport? Water Polo
18%
What gibbon species do I prefer? White-handed
9%
No matching quizzes found
Score Distribution
Percent of People with Each Score
Percentile by Number Answered
Your Score History
You have not taken this quiz